| 000 | 00602nam a2200241 a 4500 | ||
|---|---|---|---|
| 001 | 0001-1409 | ||
| 003 | ELIB.Books | ||
| 008 | 160805 2010 eng | ||
| 020 | _a0687017289 | ||
| 035 | _a(ELIB.Books)0001-1564 | ||
| 092 |
_a230.072 _bCet |
||
| 100 | _aCetuk, Virginia Samual. | ||
| 245 | _aWhat to Expect in Seminary | ||
| 260 |
_aNashville _bAbingdon Press _c1998 |
||
| 300 |
_a200 _c23 Cm |
||
| 500 | _aSeminary | ||
| 650 | _aSpiritual Formation | ||
| 856 |
_nKBTS Library _uKBTS: ELIB |
||
| 942 |
_2ddc _cBK |
||
| 990 | _a1 | ||
| 998 |
_cbat _e2016-08-05 |
||
| 999 |
_c11409 _d11409 |
||